OSMANLI GÜNLÜKLERİ 5 YENİLİK SULTANLARI (Record no. 649781)
[ view plain ]
| 000 -LEADER | |
|---|---|
| sabit uzunluktaki kontrol alanı | 00269nam a2200097Ia 4500 |
| 001 - KONTROL NUMARASI | |
| kontrol alanı | 649781 |
| 005 - EN SON İŞLEMİN TARİH VE ZAMANI | |
| kontrol alanı | 20250826154346.0 |
| 008 - SABİT-UZUNLUKTA VERİ ÖĞELERİ--GENEL BİLGİ | |
| sabit uzunluktaki kontrol alanı | 250824s9999 xx 000 0 und d |
| 245 #0 - ESER / YAZAR | |
| ESER ADI | OSMANLI GÜNLÜKLERİ 5 YENİLİK SULTANLARI |
| Yazar Adı | SEVİNÇ KUŞOĞLU |
| 260 ## - YAYIN, DAĞITIM, VB. | |
| YAYIN EVİ | GENÇ TİMAŞ |
| Düşüm durumu | Kayıp durumu | Hasar Durumu | Ödünç verilmez | Ana kütüphane | Geçerli Kütüphane | Edinilen tarih | Toplam ödünç verme sayısı | Barkod | Son görüntüleme tarihi | Fiyatın geçerli olmaya başladığı tarih | Koha materyal türü |
|---|---|---|---|---|---|---|---|---|---|---|---|
| MUSTAFA HOTAMIŞLI İMAM HATİP ORTAOKULU | MUSTAFA HOTAMIŞLI İMAM HATİP ORTAOKULU | 24.08.2025 | 10072309 | 13.01.2026 | 26.08.2025 | Books |